Score 0/99 Timer 10:00
0 Plays Today
Frequency (kHz) Call sign % Correct
700WLW
66.7%
850KOA
66.7%
640KFI
55.6%
710WOR
55.6%
720WGN
55.6%
750WSB
55.6%
760WJR
55.6%
770WABC
55.6%
820WBAP
55.6%
880WCBS
55.6%
1020KDKA
55.6%
1030WBZ
55.6%
1120KMOX
55.6%
650WSM
44.4%
660WFAN
44.4%
680KNBR
44.4%
780WBBM
44.4%
830WCCO
44.4%
870WWL
44.4%
890WLS
44.4%
1040WHO
44.4%
1060KYW
44.4%
1110WBT
44.4%
1140WRVA
44.4%
1540KXEL
44.4%
540CBK
33.3%
540CBT
33.3%
670WSCR
33.3%
710KIRO
33.3%
740CFZM
33.3%
810KGO
33.3%
840WHAS
33.3%
860CJBC
33.3%
Frequency (kHz) Call sign % Correct
990CBW
33.3%
1000KOMO
33.3%
1000WMVP
33.3%
1010CBR
33.3%
1010CFRB
33.3%
1070KNX
33.3%
1080WTIC
33.3%
1090KAAY
33.3%
1090WBAL
33.3%
1100WTAM
33.3%
1110KFAB
33.3%
1130WBBR
33.3%
1160KSL
33.3%
1170WWVA
33.3%
1190KEX
33.3%
1200WOAI
33.3%
1220XEB
33.3%
1500KSTP
33.3%
1500WFED
33.3%
1510WLAC
33.3%
1520KOKC
33.3%
1540ZNS-1
33.3%
1570XERF
33.3%
1580CKDO
33.3%
540XEWA
22.2%
640CBN
22.2%
690CKGM
22.2%
730CKAC
22.2%
800XEROK
22.2%
900CKBI
22.2%
900XEW
22.2%
1050XEG
22.2%
1080KRLD
22.2%
Frequency (kHz) Call sign % Correct
1090XEPRS
22.2%
1130CKWX
22.2%
1130KWKH
22.2%
1170KFAQ
22.2%
1180WHAM
22.2%
1210WPHT
22.2%
1530KFBK
22.2%
1550CBEF
22.2%
1560KNZR
22.2%
1560WFME
22.2%
1530WCKY
22.2%
640KYUK
22.2%
650KENI
22.2%
750KFQD
22.2%
770KCHU
22.2%
690XEWW
11.1%
1520WWKB
11.1%
680KBRW
11.1%
820KCBF
11.1%
730XEX
0%
1060XEEP
0%
1140XEMR
0%
1190XEWK
0%
660KFAR
0%
670KDLG
0%
700KBYR
0%
720KOTZ
0%
780KNOM
0%
850KICY
0%
890KBBI
0%
1020KVNT
0%
1080KOAN
0%
1170KJNP
0%

You're not logged in!

Compare scores with friends on all Sporcle quizzes.
OR
Log In

Sporcle TV

Today on Sporcle TV


Watch our educational content, quiz creation guides, and fun videos on Sporcle TV.

Show Comments

Extras

Top Quizzes Today


Score Distribution

Paid Content

Your Account Isn't Verified!

In order to create a playlist on Sporcle, you need to verify the email address you used during registration. Go to your Sporcle Settings to finish the process.

Report this User

Report this user for behavior that violates our Community Guidelines.

Details: